书目信息 |
| 题名: |
陶庵梦忆评注
|
|
| 作者: | 淮茗 译注 | |
| 分册: | ||
| 出版信息: | 上海 上海三联书店 2018 |
|
| 页数: | 278页 | |
| 开本: | 21cm | |
| 丛书名: | 国学经典 | |
| 单 册: | ||
| 中图分类: | I264.8 , K248 | |
| 科图分类: | ||
| 主题词: | 笔记--bi ji--中国--明代 | |
| 电子资源: | ||
| ISBN: | 978-7-5426-6367-2 | |
| 000 | 01128nam 2200301 450 | |
| 001 | 012001006567 | |
| 005 | 20191023142515.64 | |
| 010 | @a978-7-5426-6367-2@dCNY24.80 | |
| 099 | @aCAL 012018133836 | |
| 100 | @a20180828d2018 em y0chiy50 ea | |
| 101 | 0 | @achi |
| 102 | @aCN@b310000 | |
| 105 | @ay z 000zy | |
| 106 | @ar | |
| 200 | 1 | @a陶庵梦忆评注@Atao an meng yi ping zhu@f淮茗译注 |
| 205 | @a第2版 | |
| 210 | @a上海@c上海三联书店@d2018 | |
| 215 | @a278页@d21cm | |
| 225 | 2 | @a国学经典@Aguo xue jing dian |
| 330 | @a《陶庵梦忆》, 明代散文集。为明朝散文家张岱所著。该书共八卷, 成书于甲申明亡 (1644年) 之后, 直至乾隆四十年 (1775年) 才初版行世。其中记载了作者亲身经历过的杂事, 将种种世相展现在人们面前, 构成了明代社会生活的一幅风俗画卷, 同时也以此表达了作者的故国之思、乡土之情, 抒发沧桑之感, 寄托兴亡之叹。 | |
| 410 | 0 | @12001 @a国学经典 |
| 604 | @1701 0@a张岱,@Azhang dai@f1597-1684@150010@a陶庵梦忆@x注释 | |
| 606 | 0 | @a笔记@Abi ji@y中国@z明代 |
| 690 | @aI264.8@v4 | |
| 690 | @aK248@v4 | |
| 701 | 0 | @a淮茗@Ahuai ming@4译注 |
| 801 | 0 | @aCN@b上海新华@c20191020 |
| 905 | @b1099893-6@dI264.8@e3417=2@f4 | |
| 陶庵梦忆评注/淮茗译注.-第2版.-上海:上海三联书店,2018 |
| 278页;21cm.-(国学经典) |
| ISBN 978-7-5426-6367-2:CNY24.80 |
| 《陶庵梦忆》, 明代散文集。为明朝散文家张岱所著。该书共八卷, 成书于甲申明亡 (1644年) 之后, 直至乾隆四十年 (1775年) 才初版行世。其中记载了作者亲身经历过的杂事, 将种种世相展现在人们面前, 构成了明代社会生活的一幅风俗画卷, 同时也以此表达了作者的故国之思、乡土之情, 抒发沧桑之感, 寄托兴亡之叹。 |
| ● |
| 相关链接 |
|
|
|
|
正题名:陶庵梦忆评注
索取号:I264.8/3417=2
 
预约/预借
| 序号 | 登录号 | 条形码 | 馆藏地/架位号 | 状态 | 备注 |
| 1 | 1099893 | 210998937 | 第一样本阅览室/ [索取号:I264.8/3417=2] | 在馆 | |
| 2 | 1099894 | 210998946 | 第二借阅区/ [索取号:I264.8/3417=2] | 在馆 | |
| 3 | 1099895 | 210998955 | 第二借阅区/ [索取号:I264.8/3417=2] | 在馆 | |
| 4 | 1099896 | 210998964 | 第二借阅区/ [索取号:I264.8/3417=2] | 在馆 |